Statistiche per Elenca la formazione - Quiz n°187

Clicka qui per fare il quiz!

Statistiche generali

  • Questo quiz è stato fatto 13 volte
  • Il punteggio medio è 10 su 11

Statistiche sulle risposte

RuoloNazioneCalciatore% Corretto
MedianoItaliaDaniele De Rossi
100%
AttaccanteBosnia ed ErzegovinaEdin Džeko
100%
DifensoreGreciaKōstas Manōlas
100%
CentrocampistaBelgioRadja Nainggolan
100%
DifensoreGermaniaAntonio Rüdiger
92%
PortierePoloniaWojciech Szczęsny
92%
CentrocampistaArgentinaDiego Perotti
85%
DifensoreBrasile / ItaliaEmerson Palmieri
85%
DifensoreArgentinaFedercio Fazio
85%
CentrocampistaPaesi BassiKevin Strootman
85%
CentrocampistaBrasileBruno Peres
31%

Distribuzione punteggi

Percentile per numero di risposta

Percentuale di utenti per punteggio

I tuoi punteggi nel tempo

Non hai fatto questo quiz